[Event "Madrid ch 2011-2012 Previa A"]
[Site "Madrid ESP"]
[Date "2012.02.07"]
[Round "2.2"]
[White "Lucia Carpintero, Oscar"]
[Black "Garcia Fernandez, Jesus"]
[Result "1/2-1/2"]
[WhiteElo "1661"]
[BlackElo "1916"]
[PlyCount "93"]
[EventDate "2012.02.06"]
[EventType "swiss"]
[EventRounds "9"]
[EventCountry "ESP"]
[Source "lmi"]
[SourceDate "2012.02.06"]

1. Nf3 Nf6 2. g3 g6 3. Bg2 Bg7 4. O-O O-O 5. c4 c5 6. d3 Nc6 7. Nc3 d6 8. a3
Bd7 9. Bd2 Qc8 10. Rb1 Bh3 11. Na2 Bxg2 12. Kxg2 Nd7 13. b4 e5 14. b5 Nd4 15.
e3 Ne6 16. Nc3 f5 17. a4 Qd8 18. Qc2 Nf6 19. Nd5 f4 20. e4 g5 21. gxf4 g4 22.
Ng5 Nd4 23. Qd1 h6 24. Nxf6+ Qxf6 25. Qxg4 hxg5 26. f5 Nxf5 27. exf5 Qxf5 28.
Qg3 g4 29. f4 Qh5 30. Rf2 Rae8 31. Rbf1 exf4 32. Bxf4 Bd4 33. Rd2 Qh3+ 34. Qxh3
gxh3+ 35. Kxh3 Be3 36. Rg2+ Kh7 37. Rg4 Rxf4 38. Rfxf4 Bxf4 39. Rxf4 Re3+ 40.
Kg4 Rxd3 41. Rf7+ Kg6 42. Rxb7 a6 43. Rb6 axb5 44. axb5 Rd4+ 45. Kg3 Kg5 46.
Ra6 Rd3+ 47. Kg2 1/2-1/2

[Event "Madrid ch 2011-2012 Previa A"]
[Site "Madrid ESP"]
[Date "2012.02.07"]
[Round "2.3"]
[White "Lopez Heras, Arturo"]
[Black "Ruiz Castro, Manuel"]
[Result "1/2-1/2"]
[WhiteElo "1897"]
[BlackElo "1735"]
[PlyCount "96"]
[EventDate "2012.02.06"]
[EventType "swiss"]
[EventRounds "9"]
[EventCountry "ESP"]
[Source "lmi"]
[SourceDate "2012.02.06"]

1. e4 c5 2. Nf3 d6 3. d4 cxd4 4. Nxd4 Nf6 5. Nc3 g6 6. Be3 Bg7 7. f3 O-O 8. Qd2
Nc6 9. O-O-O Nxd4 10. Bxd4 Be6 11. Nd5 Bxd5 12. exd5 a6 13. g4 b5 14. Bc3 Rc8
15. g5 Nh5 16. Bxg7 Nxg7 17. f4 Qb6 18. h4 Nh5 19. Rh3 Qc5 20. Rc3 Qb4 21. Rf3
Qa4 22. Bh3 Rc7 23. Kb1 Qe4 24. Bg4 Ng7 25. Re1 Rxc2 26. Rxe4 Rxd2 27. Rxe7
Rxd5 28. Ra7 Re8 29. Rc3 Rd4 30. Bd7 Rf8 31. Rf3 Nh5 32. f5 gxf5 33. Rxf5 Rxh4
34. Rxa6 Rd4 35. Rxb5 Nf4 36. a4 Nd3 37. Rbb6 d5 38. Ra7 Nc5 39. b4 Nxd7 40.
Rxd7 Re8 41. a5 Re2 42. Rc7 Rd1+ 43. Rc1 Rdd2 44. Rc8+ Kg7 45. a6 Rb2+ 46. Kc1
Ra2 47. Kb1 Rab2+ 48. Kc1 Ra2 1/2-1/2

[Event "Madrid ch 2011-2012 Previa A"]
[Site "Madrid ESP"]
[Date "2012.02.07"]
[Round "2.4"]
[White "Benito Mellado, Humberto"]
[Black "Garcia Martin, Juan Manuel"]
[Result "0-1"]
[WhiteElo "1603"]
[BlackElo "1894"]
[PlyCount "52"]
[EventDate "2012.02.06"]
[EventType "swiss"]
[EventRounds "9"]
[EventCountry "ESP"]
[Source "lmi"]
[SourceDate "2012.02.06"]

1. d4 e5 2. dxe5 Qe7 3. Nf3 Nc6 4. e3 Nxe5 5. Be2 d6 6. Nc3 Nf6 7. b3 Bg4 8.
Bb2 g6 9. Nxe5 Bxe2 10. Nxe2 dxe5 11. Qd3 c6 12. O-O-O Bg7 13. h3 O-O 14. Nc3
a5 15. g4 b5 16. a4 Rfd8 17. Qf1 b4 18. Rxd8+ Rxd8 19. Ne2 Nd5 20. e4 Nb6 21.
Kb1 Qc5 22. Nc1 Rd2 23. c3 bxc3 24. Nd3 Qd4 25. Kc1 Rxb2 26. Nxb2 Qd2+ 0-1

[Event "Madrid ch 2011-2012 Previa A"]
[Site "Madrid ESP"]
[Date "2012.02.07"]
[Round "2.5"]
[White "Martin-consuegra Barrilero, Francisco Javier"]
[Black "Al-zarif Zabala, Bassam"]
[Result "1/2-1/2"]
[WhiteElo "1886"]
[BlackElo "1727"]
[PlyCount "118"]
[EventDate "2012.02.06"]
[EventType "swiss"]
[EventRounds "9"]
[EventCountry "ESP"]
[Source "lmi"]
[SourceDate "2012.02.06"]

1. d4 Nf6 2. Bg5 c5 3. Bxf6 gxf6 4. d5 f5 5. e3 Qb6 6. Qc1 Bg7 7. c3 d6 8. g3
Nd7 9. Nd2 Nf6 10. Bg2 e6 11. dxe6 fxe6 12. Ne2 Qc7 13. a4 Bd7 14. Nf4 O-O 15.
O-O Rfe8 16. Qd1 Bc6 17. Nh5 Nxh5 18. Qxh5 Bxg2 19. Kxg2 Rad8 20. f4 Qf7 21.
Qxf7+ Kxf7 22. e4 d5 23. e5 c4 24. Nf3 Bf8 25. a5 Rc8 26. Rfd1 Bc5 27. Ra4 a6
28. Rb1 Rb8 29. b4 Bf8 30. Ra2 h6 31. Nd4 Rec8 32. Kf3 Be7 33. h3 h5 34. Rg2
Rg8 35. Rbg1 Rg6 36. g4 hxg4+ 37. hxg4 fxg4+ 38. Rxg4 Rxg4 39. Rxg4 Rh8 40. Kg2
Rh4 41. Rxh4 Bxh4 42. Nf3 Be7 43. Kh3 Bd8 44. Kg4 b6 45. axb6 Bxb6 46. Ng5+ Ke7
47. Kf3 a5 48. bxa5 Bxa5 49. Ke2 Bxc3 50. Nf3 Ba5 51. Kd1 Kd7 52. Kc2 Bb6 53.
Kd1 Bf2 54. Ke2 Bg3 55. Ke3 c3 56. Kd3 Bxf4 57. Kxc3 Bh6 58. Kd3 Bf8 59. Kd4
Bg7 1/2-1/2

[Event "Madrid ch 2011-2012 Previa A"]
[Site "Madrid ESP"]
[Date "2012.02.07"]
[Round "2.6"]
[White "Cano Mercado, Francisco Manuel"]
[Black "Martinez Miura, Enrique"]
[Result "1/2-1/2"]
[WhiteElo "1865"]
[BlackElo "1670"]
[PlyCount "53"]
[EventDate "2012.02.06"]
[EventType "swiss"]
[EventRounds "9"]
[EventCountry "ESP"]
[Source "lmi"]
[SourceDate "2012.02.06"]

1. d4 e6 2. c4 d5 3. Nc3 Nf6 4. Bg5 Be7 5. e3 O-O 6. Nf3 c6 7. Rc1 Nbd7 8. Qc2
h6 9. Bh4 Nh5 10. Bxe7 Qxe7 11. cxd5 exd5 12. Bd3 Nf4 13. Bf1 b6 14. Ne2 Nxe2
15. Bxe2 Bb7 16. O-O Rac8 17. Qd2 Rfe8 18. Bd3 c5 19. Rfe1 c4 20. Bf5 Rc7 21.
Qc2 Nf6 22. Ne5 Bc8 23. Bxc8 Rexc8 24. f3 Nd7 25. Nxd7 Qxd7 26. Qd2 b5 27. e4
1/2-1/2

[Event "Madrid ch 2011-2012 Previa A"]
[Site "Madrid ESP"]
[Date "2012.02.07"]
[Round "2.7"]
[White "Sancho Pascual, Emilio"]
[Black "Monge Gilgado, Eva Maria"]
[Result "1-0"]
[WhiteElo "1572"]
[BlackElo "1844"]
[PlyCount "63"]
[EventDate "2012.02.06"]
[EventType "swiss"]
[EventRounds "9"]
[EventCountry "ESP"]
[Source "lmi"]
[SourceDate "2012.02.06"]

1. Nf3 d6 2. d4 f5 3. g3 g6 4. Bg2 Bg7 5. Bf4 Nf6 6. O-O O-O 7. c4 Nbd7 8. Nc3
Qe8 9. Re1 e5 10. dxe5 dxe5 11. Be3 c6 12. Rc1 Qe7 13. Rc2 h6 14. Nh4 Kh7 15.
Qc1 Nb6 16. b3 e4 17. Rd1 g5 18. Bxg5 hxg5 19. Qxg5 Qe6 20. Rcd2 Rg8 21. Rd6
Bh6 22. Qxf6 Qxf6 23. Rxf6 Bg7 24. Nxe4 Bxf6 25. Nxf6+ Kg7 26. Nxg8 Kxg8 27.
Rd8+ Kf7 28. e4 fxe4 29. Bxe4 a5 30. a4 Bg4 31. Rxa8 Nxa8 32. f3 1-0

[Event "Madrid ch 2011-2012 Previa A"]
[Site "Madrid ESP"]
[Date "2012.02.07"]
[Round "2.8"]
[White "Jimenez Gonzalez, Marcos"]
[Black "Barragan Panal, Juan Jose"]
[Result "1-0"]
[WhiteElo "1831"]
[BlackElo "1640"]
[PlyCount "113"]
[EventDate "2012.02.06"]
[EventType "swiss"]
[EventRounds "9"]
[EventCountry "ESP"]
[Source "lmi"]
[SourceDate "2012.02.06"]

1. c4 Nf6 2. g3 g6 3. Nc3 Bg7 4. Bg2 O-O 5. e4 d6 6. Nge2 e5 7. O-O Nbd7 8. d3
a6 9. h3 Rb8 10. a4 Nc5 11. b4 Ne6 12. Be3 c5 13. b5 a5 14. Nd5 b6 15. Qd2 Bb7
16. Nxf6+ Bxf6 17. Bh6 Bg7 18. Bxg7 Kxg7 19. f4 f5 20. exf5 Rxf5 21. fxe5 dxe5
22. Rxf5 gxf5 23. Qe3 Qf6 24. Rf1 Bxg2 25. Kxg2 Rd8 26. Nc3 f4 27. Qf3 Nd4 28.
Qg4+ Qg6 29. Qxg6+ Kxg6 30. gxf4 exf4 31. Rxf4 Ne6 32. Rg4+ Kf5 33. Nd5 Rd6 34.
Rg8 Nf4+ 35. Nxf4 Kxf4 36. Rg3 h5 37. Rf3+ Ke5 38. Kf2 Rd4 39. Ke2 Rd6 40. Ke3
Rd4 41. Kf2 Rd6 42. Kg3 Rd4 43. Re3+ Kf5 44. Kf2 Rf4+ 45. Ke2 Rd4 46. Kd2 Rd6
47. Re4 Rg6 48. Re8 Rd6 49. Kc3 Rd4 50. Rc8 Rh4 51. Rc6 Rxh3 52. Rxb6 Rg3 53.
Rc6 h4 54. Rxc5+ Kg6 55. b6 Rg1 56. b7 Rb1 57. Rb5 1-0

[Event "Madrid ch 2011-2012 Previa A"]
[Site "Madrid ESP"]
[Date "2012.02.07"]
[Round "2.10"]
[White "Calcerrada Lopez, Enrique"]
[Black "Martinez Carrasco, Jesus"]
[Result "1-0"]
[WhiteElo "1821"]
[BlackElo "1580"]
[PlyCount "91"]
[EventDate "2012.02.06"]
[EventType "swiss"]
[EventRounds "9"]
[EventCountry "ESP"]
[Source "lmi"]
[SourceDate "2012.02.06"]

1. Nf3 Nc6 2. b3 e5 3. d3 Nf6 4. Bb2 d6 5. c4 Be7 6. g3 O-O 7. Bg2 Qd7 8. O-O
Rb8 9. Nbd2 b6 10. Qc2 Bb7 11. a3 Rfe8 12. b4 Nd8 13. Rac1 c5 14. Rfd1 Bf8 15.
e3 Qe7 16. Rb1 e4 17. Bxf6 gxf6 18. dxe4 Bxe4 19. Nxe4 Qxe4 20. Qxe4 Rxe4 21.
Nd4 Re7 22. Nb5 Rd7 23. Rd5 a6 24. Nc3 Nc6 25. bxc5 bxc5 26. Rxb8 Nxb8 27. Ne4
Kg7 28. Bh3 Rd8 29. Nxc5 Re8 30. Nb7 Re5 31. Rd3 Re4 32. Nxd6 Bxd6 33. Rxd6
Rxc4 34. Rb6 Rc1+ 35. Kg2 Nc6 36. Rxa6 Ne5 37. Bf5 Ra1 38. a4 Ra3 39. Be4 Nd7
40. Ra7 Ne5 41. a5 Rc3 42. a6 Ra3 43. Ra8 Ra2 44. Bd5 Rd2 45. Rd8 Ng4 46. a7
1-0

[Event "Madrid ch 2011-2012 Previa A"]
[Site "Madrid ESP"]
[Date "2012.02.07"]
[Round "2.12"]
[White "Beekhof Harmsen, Willen"]
[Black "Veuthey Martinez, Eloy"]
[Result "1-0"]
[WhiteElo "1797"]
[BlackElo "1552"]
[PlyCount "57"]
[EventDate "2012.02.06"]
[EventType "swiss"]
[EventRounds "9"]
[EventCountry "ESP"]
[Source "lmi"]
[SourceDate "2012.02.06"]

1. d4 d6 2. Nf3 Nf6 3. g3 Nbd7 4. Bg2 e5 5. c4 c6 6. O-O Be7 7. Nc3 O-O 8. Qc2
a6 9. a4 a5 10. Rd1 Qc7 11. b3 Re8 12. Ba3 exd4 13. Nxd4 Nc5 14. b4 axb4 15.
Bxb4 Nfd7 16. Nf5 Bf8 17. Ne4 Nxe4 18. Bxe4 Nc5 19. Nh6+ gxh6 20. Bxh7+ Kh8 21.
Bc3+ Bg7 22. Bxg7+ Kxg7 23. Bd3 Nxd3 24. Rxd3 Bf5 25. Qb2+ Kh7 26. Rb3 Bh3 27.
Rxb7 Rab8 28. Qc2+ Bf5 29. Qxf5+ 1-0

[Event "Madrid ch 2011-2012 Previa A"]
[Site "Madrid ESP"]
[Date "2012.02.07"]
[Round "2.16"]
[White "Rottenwöhrer, Christoph"]
[Black "Camarero Izquierdo, Juan Carlos"]
[Result "0-1"]
[WhiteElo "1595"]
[BlackElo "1896"]
[PlyCount "70"]
[EventDate "2012.02.06"]
[EventType "swiss"]
[EventRounds "9"]
[EventCountry "ESP"]
[Source "lmi"]
[SourceDate "2012.02.06"]

1. c4 e5 2. g3 f5 3. Bg2 Nf6 4. Nf3 e4 5. Nd4 d6 6. Nc3 Bd7 7. f3 Nc6 8. Nc2
Qe7 9. O-O O-O-O 10. Nd5 Qf7 11. fxe4 fxe4 12. Bxe4 h5 13. d4 h4 14. Qe1 Re8
15. Bg2 hxg3 16. Qxg3 Rxe2 17. Rf2 Rxf2 18. Qxf2 Qh5 19. Bf4 Ng4 20. Qf3 g5 21.
Bg3 Bg7 22. Qd3 Nxh2 23. b4 g4 24. Nde3 Nf3+ 25. Kf2 Qf7 26. Ke2 Re8 27. Kd1
Ncxd4 28. Rb1 Nxc2 29. Nxc2 Bf5 30. Qd5 Qg6 31. Rc1 Bh6 32. Nd4 Be4 33. Qb5
Nxd4 34. Bxe4 Qxe4 35. Qxe8+ Qxe8 0-1

[Event "Madrid ch 2011-2012 Previa A"]
[Site "Madrid ESP"]
[Date "2012.02.07"]
[Round "2.17"]
[White "Ojosnegros Martin, Angel"]
[Black "Redondo Garcia, Jose Luis"]
[Result "0-1"]
[WhiteElo "1480"]
[BlackElo "1855"]
[PlyCount "128"]
[EventDate "2012.02.06"]
[EventType "swiss"]
[EventRounds "9"]
[EventCountry "ESP"]
[Source "lmi"]
[SourceDate "2012.02.06"]

1. e4 c5 2. Nf3 Nc6 3. d4 cxd4 4. Nxd4 e6 5. Be3 a6 6. Nc3 Qc7 7. Be2 Bb4 8.
O-O Bxc3 9. bxc3 Nf6 10. f3 h6 11. Qd2 d6 12. Rfd1 Ke7 13. Rab1 b5 14. Qe1 Rd8
15. Bf2 Rb8 16. Rd2 Ne5 17. Bg3 Bb7 18. Kh1 Qxc3 19. Rbd1 Qc7 20. Bf1 Rd7 21.
Nb3 Rbd8 22. Nc1 Ke8 23. Nd3 Nc4 24. Re2 e5 25. f4 Re7 26. Bh4 Qc6 27. Nb4 Qc5
28. Nd5 Nxd5 29. Bxe7 Nxe7 30. fxe5 Nxe5 31. Qg3 Kf8 32. Ree1 Bc8 33. Be2 Be6
34. a3 Bc4 35. Bxc4 bxc4 36. Rf1 c3 37. Qf4 Kg8 38. Qh4 N5g6 39. Qg3 Ne5 40.
Rf6 Kh7 41. Rff1 Rf8 42. a4 N7g6 43. Rd5 Qc4 44. Rfd1 Qxe4 45. Qxc3 Nf4 46.
R5d2 Ne2 47. Qb3 Ng4 48. Rf1 d5 49. Qd3 Qxd3 50. cxd3 Nc3 51. a5 Ne3 52. Rf3 d4
53. Kg1 g5 54. h3 f5 55. Kh2 Kg6 56. Rb2 Nb5 57. Rb1 Rc8 58. Rf2 Rc3 59. Rd2
Kh5 60. g3 f4 61. gxf4 gxf4 62. Kg1 Kh4 63. Rf2 Nd5 64. Kh2 Rxd3 0-1

[Event "Madrid ch 2011-2012 Previa A"]
[Site "Madrid ESP"]
[Date "2012.02.07"]
[Round "2.18"]
[White "Greppi Gonzalez, Jose Luis"]
[Black "Carrera Cabañeros, Francisco"]
[Result "0-1"]
[WhiteElo "1641"]
[BlackElo "1819"]
[PlyCount "180"]
[EventDate "2012.02.06"]
[EventType "swiss"]
[EventRounds "9"]
[EventCountry "ESP"]
[Source "lmi"]
[SourceDate "2012.02.06"]

1. e4 c5 2. a3 Nc6 3. Bc4 d6 4. h3 Nf6 5. Nc3 g6 6. d3 Bg7 7. Bd2 a6 8. Nce2 b5
9. Bd5 Bb7 10. Rb1 e6 11. Bxc6+ Bxc6 12. Nf3 d5 13. exd5 Nxd5 14. O-O Qc7 15.
Ng3 O-O 16. Qc1 Rad8 17. Ne4 Bb7 18. Bh6 Ne7 19. Bxg7 Kxg7 20. Qg5 Rd5 21. Qg3
Qxg3 22. Nxg3 Rfd8 23. Rfe1 Nf5 24. Nxf5+ Rxf5 25. Nh2 h5 26. f3 Rd4 27. Re3 c4
28. Rbe1 cxd3 29. Rxd3 Rxd3 30. cxd3 Rc5 31. Re2 Kf6 32. Kf2 Rd5 33. Rd2 a5 34.
d4 Kg5 35. Nf1 Rd7 36. g3 e5 37. h4+ Kf6 38. Ke3 exd4+ 39. Rxd4 Rxd4 40. Kxd4
Bxf3 41. Ne3 g5 42. Kc5 gxh4 43. gxh4 Be2 44. Nd5+ Ke5 45. Nc3 Bd3 46. Nxb5
Bxb5 47. Kxb5 f5 48. Kc4 a4 49. Kd3 Kf4 50. b4 axb3 51. a4 b2 52. Kc2 b1=Q+ 53.
Kxb1 Ke3 54. a5 f4 55. a6 f3 56. a7 f2 57. a8=Q f1=Q+ 58. Kb2 Qe2+ 59. Ka1 Qd1+
60. Kb2 Qd4+ 61. Ka2 Qxh4 62. Qa7+ Kf3 63. Qf7+ Kg3 64. Qc7+ Qf4 65. Qc3+ Kg2
66. Qc6+ Qf3 67. Qg6+ Kh1 68. Qb1+ Kh2 69. Qb8+ Qg3 70. Qe8 h4 71. Ka1 h3 72.
Qe2+ Qg2 73. Qe5+ Kh1 74. Qf5 h2 75. Kb1 Kg1 76. Qc5+ Qf2 77. Qg5+ Kf1 78. Qh6
Qe1+ 79. Ka2 Qe2+ 80. Kb1 Qe4+ 81. Ka2 h1=Q 82. Qc1+ Qe1 83. Qf4+ Qf2+ 84.
Qxf2+ Kxf2 85. Kb3 Qc6 86. Kb4 Ke3 87. Ka5 Qb7 88. Ka4 Kd3 89. Ka3 Kc3 90. Ka4
Qb4# 0-1

[Event "Madrid ch 2011-2012 Previa A"]
[Site "Madrid ESP"]
[Date "2012.02.07"]
[Round "2.21"]
[White "Perez Cameselle, Francisco"]
[Black "Castro Uceda, Jose Antonio"]
[Result "1-0"]
[WhiteElo "1909"]
[BlackElo "1649"]
[PlyCount "69"]
[EventDate "2012.02.06"]
[EventType "swiss"]
[EventRounds "9"]
[EventCountry "ESP"]
[Source "lmi"]
[SourceDate "2012.02.06"]

1. e4 c5 2. Nf3 d6 3. d4 cxd4 4. Nxd4 Nf6 5. Nc3 a6 6. Be2 e6 7. Be3 Be7 8. f4
Nbd7 9. Bf3 O-O 10. O-O Rb8 11. Qe1 Re8 12. g4 h6 13. g5 hxg5 14. fxg5 Nh7 15.
g6 Ng5 16. gxf7+ Nxf7 17. Nxe6 Qa5 18. Qg3 Bf6 19. Nd4 Bxd4 20. Bxd4 Qg5 21.
Bh5 Qxg3+ 22. hxg3 Rf8 23. Nd5 Nfe5 24. Ne7+ Kh7 25. Rxf8 Nxf8 26. Nxc8 Rxc8
27. Rf1 Nfd7 28. Bd1 Nf6 29. c3 Nxe4 30. Bc2 d5 31. Bxe5 Re8 32. Bd4 Kg8 33.
Bxe4 Rxe4 34. Kf2 b5 35. Re1 1-0

[Event "Madrid ch 2011-2012 Previa A"]
[Site "Madrid ESP"]
[Date "2012.02.07"]
[Round "2.22"]
[White "Barroso Barroso, Jorge"]
[Black "Fernandez Garcia, Ignacio"]
[Result "0-1"]
[WhiteElo "1740"]
[BlackElo "1903"]
[PlyCount "74"]
[EventDate "2012.02.06"]
[EventType "swiss"]
[EventRounds "9"]
[EventCountry "ESP"]
[Source "lmi"]
[SourceDate "2012.02.06"]

1. e4 d6 2. d4 g6 3. Nf3 Bg7 4. Be2 Nf6 5. Nc3 O-O 6. h4 c6 7. Bg5 Bg4 8. Qd2
Re8 9. Bh6 Bh8 10. O-O-O b5 11. e5 b4 12. exf6 bxc3 13. Qxc3 exf6 14. Qd2 Qb6
15. Ng1 Be6 16. b3 a5 17. a4 Na6 18. Bxa6 Qxa6 19. Nh3 Bg4 20. Rde1 Bd7 21. Nf4
Qb6 22. Re3 Rxe3 23. fxe3 Bf5 24. Nd3 Be4 25. Re1 Rc8 26. Nb2 d5 27. Nd3 Bxd3
28. Qxd3 Qb4 29. Kd1 f5 30. Qd2 Qb6 31. Qf2 c5 32. h5 cxd4 33. hxg6 fxg6 34. g4
d3 35. gxf5 Rxc2 36. Qh4 Rb2 37. b4 Qc7 0-1

[Event "Madrid ch 2011-2012 Previa A"]
[Site "Madrid ESP"]
[Date "2012.02.07"]
[Round "2.23"]
[White "Morona Minguez, Irene"]
[Black "Navas Marin, Felix"]
[Result "1-0"]
[WhiteElo "1901"]
[BlackElo "1605"]
[PlyCount "39"]
[EventDate "2012.02.06"]
[EventType "swiss"]
[EventRounds "9"]
[EventCountry "ESP"]
[Source "lmi"]
[SourceDate "2012.02.06"]

1. e4 c6 2. d4 d5 3. exd5 cxd5 4. c4 Nf6 5. Nc3 e6 6. Nf3 Bb4 7. Bd2 Be7 8. c5
a5 9. Na4 Nbd7 10. Bb5 O-O 11. O-O h6 12. Re1 Qc7 13. Ne5 Nxc5 14. Nxc5 Qb6 15.
a4 Rd8 16. Qf3 Bxc5 17. dxc5 Qxc5 18. Bxh6 gxh6 19. Qxf6 Qf8 20. Re3 1-0

[Event "Madrid ch 2011-2012 Previa A"]
[Site "Madrid ESP"]
[Date "2012.02.07"]
[Round "2.24"]
[White "Ballesteros Galvez, Daniel"]
[Black "Fernandez Aransay, Fernando"]
[Result "0-1"]
[WhiteElo "1733"]
[BlackElo "1897"]
[PlyCount "60"]
[EventDate "2012.02.06"]
[EventType "swiss"]
[EventRounds "9"]
[EventCountry "ESP"]
[Source "lmi"]
[SourceDate "2012.02.06"]

1. e4 c6 2. d4 d5 3. Nc3 dxe4 4. Nxe4 Nd7 5. Nf3 Ngf6 6. Nxf6+ Nxf6 7. Bc4 e6
8. Bg5 Be7 9. O-O O-O 10. Re1 Qc7 11. c3 b6 12. Bd3 Bb7 13. Ne5 Rad8 14. Qc2 h6
15. Bxf6 Bxf6 16. Be4 Bxe5 17. dxe5 c5 18. Bxb7 Qxb7 19. Rad1 Rd5 20. c4 Rd4
21. Rxd4 cxd4 22. Qe4 Qd7 23. Rd1 Rd8 24. Rd3 Qa4 25. b3 Qxa2 26. g3 a5 27. Kg2
a4 28. Qb7 axb3 29. Qxb6 Qa8+ 30. Rf3 Rb8 0-1

[Event "Madrid ch 2011-2012 Previa A"]
[Site "Madrid ESP"]
[Date "2012.02.07"]
[Round "2.25"]
[White "Lozano Sanchez, Jose Antonio"]
[Black "Zhynguel Zhynguel, Alek"]
[Result "0-1"]
[WhiteElo "1894"]
[BlackElo "1600"]
[PlyCount "78"]
[EventDate "2012.02.06"]
[EventType "swiss"]
[EventRounds "9"]
[EventCountry "ESP"]
[Source "lmi"]
[SourceDate "2012.02.06"]

1. e4 e5 2. Nf3 Nc6 3. Bc4 Bc5 4. Nc3 d6 5. d3 Bg4 6. h3 Bh5 7. Na4 Bb4+ 8. c3
Ba5 9. b4 Bb6 10. Qe2 a6 11. Nxb6 cxb6 12. a4 Nce7 13. Bg5 f6 14. Be3 Qc7 15.
Bd2 O-O-O 16. O-O d5 17. Bb3 Kb8 18. Rac1 g5 19. g4 Be8 20. exd5 Nxd5 21. Bxd5
Rxd5 22. c4 Rd8 23. Bc3 h5 24. Nxg5 hxg4 25. Ne6 Qh7 26. f3 Rxd3 27. Rcd1 Rxf3
28. Rxf3 gxf3 29. Bxe5+ Ka7 30. Rd8 fxe5 31. Qxe5 Qb1+ 32. Kf2 Qc2+ 33. Ke3
Qe2+ 34. Kd4 Qd2+ 35. Ke4 Bc6+ 36. Rd5 Bxd5+ 37. cxd5 Qe2+ 38. Kf4 Qxe5+ 39.
Kxe5 f2 0-1

[Event "Madrid ch 2011-2012 Previa A"]
[Site "Madrid ESP"]
[Date "2012.02.07"]
[Round "2.26"]
[White "Perez-nuñez Castillo, Jose A"]
[Black "Garcia Gonzalez, Pedro"]
[Result "1/2-1/2"]
[WhiteElo "1633"]
[BlackElo "1867"]
[PlyCount "44"]
[EventDate "2012.02.06"]
[EventType "swiss"]
[EventRounds "9"]
[EventCountry "ESP"]
[Source "lmi"]
[SourceDate "2012.02.06"]

1. d4 d5 2. c4 e6 3. Nc3 Nf6 4. Bg5 Be7 5. Nf3 h6 6. Bh4 O-O 7. e3 Ne4 8. Bxe7
Qxe7 9. Rc1 c6 10. Bd3 Nxc3 11. Rxc3 dxc4 12. Bxc4 b6 13. O-O Bb7 14. Be2 Nd7
15. Qc2 Rfc8 16. a3 c5 17. Rc1 cxd4 18. Nxd4 Rxc3 19. Qxc3 Rc8 20. Qd2 Rxc1+
21. Qxc1 Ne5 22. Qd1 Bd5 1/2-1/2

[Event "Madrid ch 2011-2012 Previa A"]
[Site "Madrid ESP"]
[Date "2012.02.07"]
[Round "2.27"]
[White "Garcia Lopez, Pedro"]
[Black "Zuazua Conde, Ivan Javier"]
[Result "0-1"]
[WhiteElo "1854"]
[BlackElo "1498"]
[PlyCount "72"]
[EventDate "2012.02.06"]
[EventType "swiss"]
[EventRounds "9"]
[EventCountry "ESP"]
[Source "lmi"]
[SourceDate "2012.02.06"]

1. d4 d5 2. Nf3 Nf6 3. c4 c6 4. cxd5 cxd5 5. Nc3 e6 6. Ne5 Nc6 7. Qa4 Bd7 8.
Nxd7 Qxd7 9. e3 Be7 10. Bb5 O-O 11. a3 a6 12. Bd3 Rac8 13. Bd2 Rfe8 14. O-O Bd6
15. f4 Qd8 16. Qd1 Ne7 17. g4 Bb8 18. g5 Nd7 19. h4 b5 20. Qg4 Nb6 21. h5 Nc4
22. Bc1 Nf5 23. Bxf5 exf5 24. Qxf5 Nxe3 25. Bxe3 Rxe3 26. Nxd5 Re2 27. Rfe1
Rcc2 28. Rxe2 Rxe2 29. Rc1 Re8 30. h6 Ba7 31. Rd1 Qa5 32. Nb4 Qc7 33. hxg7
Bxd4+ 34. Rxd4 Qc1+ 35. Kg2 Re2+ 36. Kf3 Qf1+ 0-1

[Event "Madrid ch 2011-2012 Previa A"]
[Site "Madrid ESP"]
[Date "2012.02.07"]
[Round "2.28"]
[White "Cortijo Manso, Luis"]
[Black "Osorio Ramos, Francisco"]
[Result "1/2-1/2"]
[WhiteElo "1547"]
[BlackElo "1848"]
[PlyCount "112"]
[EventDate "2012.02.06"]
[EventType "swiss"]
[EventRounds "9"]
[EventCountry "ESP"]
[Source "lmi"]
[SourceDate "2012.02.06"]

1. d4 d6 2. Nf3 Bg4 3. Nbd2 Nf6 4. g3 c6 5. Bg2 g6 6. O-O Bg7 7. c3 O-O 8. Qb3
Qc7 9. e4 Nbd7 10. Re1 e5 11. dxe5 dxe5 12. Nc4 b5 13. Ne3 Bxf3 14. Bxf3 h5 15.
Qc2 Nb6 16. b3 Rfd8 17. Bb2 Bf8 18. c4 bxc4 19. Nxc4 Nxc4 20. Qxc4 Nd7 21. Rac1
Rac8 22. Qc3 Qb6 23. Re2 Bc5 24. Qc2 Be7 25. Bg2 Bf6 26. Rd1 Nf8 27. Rf1 Rb8
28. Bc1 Ne6 29. Be3 c5 30. Qc4 Nd4 31. Rb2 a5 32. Rc1 Rdc8 33. Bf1 Kg7 34. Bg2
Be7 35. f4 f6 36. Qf1 Rf8 37. Qd1 Rbd8 38. Qe1 a4 39. Rbb1 axb3 40. axb3 Ra8
41. fxe5 fxe5 42. Rc3 Ra2 43. Bd2 Qa6 44. Rc4 Qf6 45. Qe3 g5 46. Rf1 Qg6 47.
Rcc1 Rxf1+ 48. Rxf1 Qe6 49. h4 Qxb3 50. Qf2 Qe6 51. hxg5 Kg6 52. Bh3 Qg8 53.
Bf5+ Kg7 54. g6 Bg5 55. Rb1 Qa8 56. Be6 Be3 1/2-1/2

[Event "Madrid ch 2011-2012 Previa A"]
[Site "Madrid ESP"]
[Date "2012.02.07"]
[Round "2.29"]
[White "Casal Martin, Jose M"]
[Black "Garcia-ruiz Fuentes, Angel Marcos"]
[Result "0-1"]
[WhiteElo "1486"]
[BlackElo "1846"]
[PlyCount "54"]
[EventDate "2012.02.06"]
[EventType "swiss"]
[EventRounds "9"]
[EventCountry "ESP"]
[Source "lmi"]
[SourceDate "2012.02.06"]

1. e4 c5 2. Nf3 d6 3. Nc3 a6 4. d4 cxd4 5. Nxd4 Nf6 6. Be3 e5 7. Nb3 Be6 8. f3
Nbd7 9. Qd2 b5 10. O-O-O Rc8 11. Kb1 Be7 12. g4 Nb6 13. Bxb6 Qxb6 14. Nd5 Nxd5
15. exd5 Bd7 16. Bd3 b4 17. h4 a5 18. Nc1 a4 19. Be4 g6 20. g5 h5 21. gxh6 Bf8
22. h5 Bxh6 23. Qg2 g5 24. Rhe1 f5 25. Bd3 Kf7 26. Qh3 Kf6 27. Qh2 Rhg8 0-1

[Event "Madrid ch 2011-2012 Previa A"]
[Site "Madrid ESP"]
[Date "2012.02.08"]
[Round "3.1"]
[White "Ruiz Sanchez, Roberto"]
[Black "Beekhof Harmsen, Willen"]
[Result "1-0"]
[WhiteElo "1976"]
[BlackElo "1797"]
[PlyCount "73"]
[EventDate "2012.02.06"]
[EventType "swiss"]
[EventRounds "9"]
[EventCountry "ESP"]
[Source "lmi"]
[SourceDate "2012.02.06"]

1. e4 d6 2. d4 Nf6 3. Nc3 g6 4. Nf3 Bg4 5. Be2 Bg7 6. O-O O-O 7. Be3 c6 8. h3
Bxf3 9. Bxf3 Re8 10. a4 a5 11. Qd2 Nbd7 12. Rad1 Qc7 13. Rfe1 Rad8 14. Qc1 e5
15. d5 Nb6 16. dxc6 bxc6 17. Bg5 Rd7 18. Rd3 Qb7 19. Red1 d5 20. Bxf6 Bxf6 21.
exd5 cxd5 22. Bxd5 Nxd5 23. Nxd5 Rxd5 24. Rxd5 e4 25. b3 Bc3 26. Rd7 Qb6 27.
R1d6 Qc5 28. Qf4 Qf5 29. Qxf5 gxf5 30. Rc6 e3 31. fxe3 Rxe3 32. Kf2 f4 33. Rcc7
Be1+ 34. Kf1 Bg3 35. Re7 f3 36. Rc8+ Kg7 37. Rxe3 1-0

[Event "Madrid ch 2011-2012 Previa A"]
[Site "Madrid ESP"]
[Date "2012.02.08"]
[Round "3.2"]
[White "Roldan Garcia, Angel"]
[Black "Jimenez Gonzalez, Marcos"]
[Result "0-1"]
[WhiteElo "1762"]
[BlackElo "1831"]
[PlyCount "56"]
[EventDate "2012.02.06"]
[EventType "swiss"]
[EventRounds "9"]
[EventCountry "ESP"]
[Source "lmi"]
[SourceDate "2012.02.06"]

1. e4 c6 2. d4 d5 3. exd5 cxd5 4. c4 Nf6 5. Nc3 Nc6 6. Bg5 e6 7. Nf3 Be7 8. a3
O-O 9. c5 h6 10. Bh4 Ne4 11. Bxe7 Qxe7 12. Qc2 Nxc3 13. Qxc3 e5 14. O-O-O e4
15. Ne1 Be6 16. Bb5 Rac8 17. Kb1 a6 18. Be2 Na7 19. Nc2 Rc7 20. Ne3 b6 21. Qb4
bxc5 22. dxc5 Nc6 23. Qa4 d4 24. Rxd4 Nxd4 25. Qxd4 Rd8 26. Qb4 Rb7 27. Qa5 Qf6
28. b4 Rd2 0-1